02142agaaa2200325 45000010005000000030009000050050017000140070009000310080040000400400023000800410013001031000044001161300026001602400026001862450208002122460019004202500022004392600129004613000033005905080205006235110091008285200576009195380016014955460013015116500057015247000058015817000058016397000056016977000063017538487IT-RoPAU20220918181224.0d cvaizq50131s9999||||xx ||| | || ||und|| aIT-RoPAUcIT-RoPAU aITALIANO aKwapis KengCodice regista SPICS: 59383 aLICENZA DI MATRIMONIO aLICENSE TO WEDgT3763 aLICENZA DI MATRIMONIOcProdotto da: Medavoy M. Messer A. -- Sceneggiatura: Barker Kim Rasmussen Tim Di Meglio Vince -- Diretto da: Kwapis KenpLICENZA DI MATRIMONIO (Rif. Codice opera principale : H8487) aLICENSE TO WED aEdizione Standard a(USA)bPROPOSAL PROD. - VILLAGE ROADSHOW PICTURE / Distribuzione: MONDADORIg"2007 (1° ed.: 2008 ; Ed. Lingua Orig.: 2007)" aDVDbsonoro, col.c88 minuti a"Fotografia: Bailey John; Montaggio: Himoff Kathryn; Musica: Beck Christophe; Sceneggiatura: Barker Kim Rasmussen Tim Di Meglio Vince; Scenografia: Buckley Gae S.; Soggetto: Barker Kim -- Lloyd Wayne" a"Williams Robin; Moore Mandy; Krasinski John; Taylor Christine; Olsen Eric; Christian" a"COMMEDIA ROMANTICA STRAMPALATA E SPENSIERATA SU UNA GIOVANE COPPIA IMPAZIENTE DI ARRIVARE ALL'ALTARE ALLE PRESE CON UN SACERDOTE CHE HA DECISO DI ABBASSARE IL TASSO DI DIVORZI FACENDO DIVIDERE LE COPPIE INCOMPATIBILI PRIMA CHE ARRIVINO AL VELO E AL RISO. ISCRIVITI AL CORSO PREMATRIMONIALE DEL REVERENDO FRANK. E' PIU' DURO DELL'ADDESTRAMENTO DELLE RECLUTE. E MOLTO PIU' DIVERTENTE. CONTENUTI SPECIALI: SCENE INEDITE CON COMMENTO OPZIONALE DEL REGISTA KEN KWAPIS; CHIEDI AL RAGAZZO DEL CORO: SCEGLI LE DOMANDE SULLE RELAZIONI E IL MATRIMONIO ALLE QUALI DEVE RISPONDERE." aPAL, STEREO aITALIANO aCOMMEDIAeDVD-FILM [DVD]xCodice MATERIA SPICS: 9947 aBarker Kim e(soggetto)gCodice Soggetto SPICS: 59384 aBeck Christophee(musica)gCodice Musica SPICS: 59386 aKwapis Ken e(regista)gCodice regista SPICS: 59383 aLloyd Wayne e(soggetto)gCodice Soggetto 2° SPICS: 59385